Herbivores : their interactions with secondary plant metabolites
Αποθηκεύτηκε σε:
| Άλλοι συγγραφείς: | , |
|---|---|
| Μορφή: | Βιβλίο |
| Γλώσσα: | English |
| Δημοσίευση: |
San Diego :
Academic Press ,
c1992
|
| Έκδοση: | 2nd ed. |
| Θέματα: | |
| Ετικέτες: |
Προσθήκη ετικέτας
Δεν υπάρχουν, Καταχωρήστε ετικέτα πρώτοι!
|
MARC
| LEADER | 00000nam a2200000 i 4500 | ||
|---|---|---|---|
| 001 | 1/69679 | ||
| 008 | 981110s1992 eng d | ||
| 020 | |a 0-12-597184-2 | ||
| 035 | |l 10030436 | ||
| 040 | |a GR-MY-UA |b gre |e aacr | ||
| 041 | 0 | |a eng | |
| 082 | 0 | |a 574.53 | |
| 245 | 1 | 0 | |a Herbivores : |b their interactions with secondary plant metabolites / |c Edited by Gerald A. Rosenthal; May R. Berenbaum |
| 250 | |a 2nd ed. | ||
| 260 | |a San Diego : |b Academic Press , |c c1992 | ||
| 300 | |a 493 p. |b tabl.; fig. | ||
| 504 | |a Includes bibliographical references and index | ||
| 505 | 0 | |a Volume 2: Ecological and evolutionary processes | |
| 650 | 0 | 0 | |a Animal-plant relationships. |
| 650 | 0 | 0 | |a Herbivores |x Ecology. |
| 650 | 0 | 0 | |a Herbivores |x Physioligy. |
| 650 | 0 | 0 | |a Plant metabolites. |
| 650 | 0 | 0 | |a Plant defenses. |
| 700 | 1 | |a Rosenthal, Gerald A. |4 edt | |
| 700 | 1 | |a Berenbaum, M. |q (May) |4 edt | |
| 852 | |a INST |b LESVOS |e 19981110 |h 574.53 HER |p 005100018015 |q 005100018015 |t BK |y 0 | ||
| 901 | |a BIBL-1998-3 | ||
| 909 | |a Λ |b 060110 | ||
| 922 | |a 1ΕΛΗ |b 199810 |c ΚΠΣ/ΤΠ |d ΠΑΠΑΣΩΤΗΡΙΟΥ | ||
| 950 | |a 107-1998-07-18 | ||